Quản lý hệ sinh thái đồng ruộng

Nội dung giới thiệu đại cương về sinh thái đồng ruộng, điều tra phân tích hệ sinh thái đồng ruộng, biện pháp quản lý hệ sinh thái đồng ruộng.

Gorde:
Xehetasun bibliografikoak
Egile nagusia: Nguyễn, Mạnh Chinh
Formatua: Liburua
Hizkuntza:Undetermined
Argitaratua: Hà Nội Nông nghiệp 2014
Gaiak:
Etiketak: Etiketa erantsi
Etiketarik gabe, Izan zaitez lehena erregistro honi etiketa jartzen!
Thư viện lưu trữ: Trung tâm Học liệu Trường Đại học Cần Thơ
LEADER 00812nam a2200205Ia 4500
001 CTU_206973
008 210402s9999 xx 000 0 und d
020 |c 35000 
082 |a 631.46 
082 |b Ch312 
100 |a Nguyễn, Mạnh Chinh 
245 0 |a Quản lý hệ sinh thái đồng ruộng 
245 0 |c Nguyễn Mạnh Chinh 
260 |a Hà Nội 
260 |b Nông nghiệp 
260 |c 2014 
520 |a Nội dung giới thiệu đại cương về sinh thái đồng ruộng, điều tra phân tích hệ sinh thái đồng ruộng, biện pháp quản lý hệ sinh thái đồng ruộng. 
650 |a Soil microbiology,Sinh thái đất trồng 
904 |i Qhieu 
980 |a Trung tâm Học liệu Trường Đại học Cần Thơ